000 00532nam a2200181Ia 4500
003 GCL
008 140319s9999 xx 000 0 eng d
040 _aGCL /
_cGCL
082 0 4 _a658.562
_bJ Q
100 1 _aGRYNA, FRANK M.
245 1 0 _aQUALITY PLANNING AND ANALYSIS : FROM PRODUCT DEVELOPMENT THROUGH USE /
_cGRYNA, FRANK M.
700 1 _aJURAN,J.M.
260 _a[S.N] :
_bTATA MCGRAW - HILL PUBLISHING COMPANY LT ،
_c1995
300 _a634
650 0 4 _aQUALITY CONTROL
650 0 4 _aQUALITY ASSURANCE
942 _2ddc
_cBK
999 _c25478
_d25478